000 00857nas a2200289 4500
001 BR2015004992
003 BR-BrBNA
005 20231205125702.0
007 ta
008 230509b bl.|||p| |||| 00| 00por d
040 _aBR-BrBNA
_bpor
_cBiblioteca Nacional de Agricultura
041 _a(Pt)
072 _aF61
100 1 _aCintra, A.C. de O.
100 1 _aRozane, D.E.
100 1 _aNatale, W.
100 1 _aSilva, S.H.M.G. da
100 1 _aBarbosa, J.C.
100 1 _aLopes, M.D.C.
245 1 _aAmostragem de plantas em cafeeiro para avaliação do estado nutricional
650 _aCOFFEA ARABICA
650 _aANALISE FOLIAR
650 _aNUTRIÇAO VEGETAL
773 0 _tCoffee Science (Brazil)
_xISSN 1809-6875
_g(Jan-Mar 2015), v.10(1) p. 122-130
_wBR2015004992
909 _a202311
_bLúcia
_c55
_dLúcia Elande
942 _2AGRIS
_n0
_cANA
999 _c245571
_d245571